000
00238nam a22000977a 4500
999
_c
519974
_d
519974
082
_a
TNC A6x5444 D28
100
_a
Deshpandy, Anirudh
_9
31367
245
_a
The stigma of defeat
260
_a
New Delhi
_b
Nehru Memorial Museum
300
_a
44p.